[Event "escc2023_65"]
[Site "?"]
[Date "2023.06.03"]
[Round "9.19"]
[White "Hinteregger, Arthur"]
[Black "Barlocco, Carlo"]
[Result "0-1"]
[BlackElo "1893"]
[WhiteElo "2000"]
[LiveChessVersion "1.4.8"]

1. e4 {[%clk 1:30:55]} Nf6 {[%clk 1:30:02]} 2. e5 {[%clk 1:31:08]} Nd5
{[%clk 1:30:31]} 3. d4 {[%clk 1:31:14]} d6 {[%clk 1:30:50]} 4. exd6
{[%clk 1:31:20]} cxd6 {[%clk 1:30:46]} 5. c4 {[%clk 1:29:38]} Nb6
{[%clk 1:31:10]} 6. Nf3 {[%clk 1:29:29]} g6 {[%clk 1:31:26]} 7. Nc3
{[%clk 1:29:01]} Bg7 {[%clk 1:31:40]} 8. Be2 {[%clk 1:28:50]} O-O
{[%clk 1:31:51]} 9. Be3 {[%clk 1:28:09]} Nc6 {[%clk 1:29:58]} 10. h3
{[%clk 1:28:08]} Bf5 {[%clk 1:22:21]} 11. O-O {[%clk 1:25:52]} d5
{[%clk 1:22:02]} 12. cxd5 {[%clk 1:18:02]} Nxd5 {[%clk 1:21:46]} 13. Nxd5
{[%clk 1:17:39]} Qxd5 {[%clk 1:22:00]} 14. Qa4 {[%clk 1:17:26]} Rfd8
{[%clk 1:20:42]} 15. Bc4 {[%clk 1:12:16]} Qa5 {[%clk 1:19:57]} 16. Qb3
{[%clk 1:09:41]} e6 {[%clk 1:17:01]} 17. Qxb7 {[%clk 1:01:46]} Rac8
{[%clk 1:06:25]} 18. Rfd1 {[%clk 0:50:32]} Be4 {[%clk 0:54:23]} 19. Qa6
{[%clk 0:28:38]} Bxf3 {[%clk 0:52:28]} 20. gxf3 {[%clk 0:28:58]} Qh5
{[%clk 0:51:23]} 21. Bf1 {[%clk 0:26:25]} Nb4 {[%clk 0:47:49]} 22. Qb5
{[%clk 0:24:02]} Nd5 {[%clk 0:46:48]} 23. Bg2 {[%clk 0:22:32]} Qh4
{[%clk 0:42:15]} 24. Qd3 {[%clk 0:20:01]} Nf4 {[%clk 0:39:43]} 25. Qe4
{[%clk 0:20:16]} Bh6 {[%clk 0:37:59]} 26. Rac1 {[%clk 0:16:17]} Ne2+
{[%clk 0:32:21]} 27. Kf1 {[%clk 0:16:40]} Qxe4 {[%clk 0:32:34]} 28. Rxc8
{[%clk 0:17:02]} Qh4 {[%clk 0:31:08]} 29. Rxd8+ {[%clk 0:16:55]} Qxd8
{[%clk 0:31:37]} 30. Kxe2 {[%clk 0:16:02]} Bg7 {[%clk 0:30:47]} 31. b3
{[%clk 0:13:18]} h6 {[%clk 0:29:11]} 32. f4 {[%clk 0:13:18]} Qc8 {[%clk 0:27:34]}
33. Rd2 {[%clk 0:13:07]} Bf8 {[%clk 0:27:35]} 34. Be4 {[%clk 0:12:59]} Qa6+
{[%clk 0:26:32]} 35. Bd3 {[%clk 0:10:33]} Qa5 {[%clk 0:26:48]} 36. Kf1
{[%clk 0:10:13]} Bd6 {[%clk 0:25:50]} 37. Be4 {[%clk 0:05:41]} Qh5
{[%clk 0:25:58]} 38. d5 {[%clk 0:05:33]} Qxh3+ {[%clk 0:25:28]} 39. Bg2
{[%clk 0:05:55]} Qf5 {[%clk 0:25:49]} 40. dxe6 {[%clk 0:06:12]} Qxe6
{[%clk 0:22:01]} 41. Bxa7 {[%clk 0:30:19]} Bxf4 {[%clk 0:41:18]} 42. Rd8+
{[%clk 0:30:09]} Kg7 {[%clk 0:41:25]} 43. Bd4+ {[%clk 0:27:56]} Be5
{[%clk 0:40:58]} 44. Bxe5+ {[%clk 0:27:34]} Qxe5 {[%clk 0:41:27]} 45. Bd5
{[%clk 0:24:16]} Qc7 {[%clk 0:39:09]} 46. Ra8 {[%clk 0:23:38]} Qc1+
{[%clk 0:37:50]} 47. Ke2 {[%clk 0:23:59]} Qb2+ {[%clk 0:38:10]} 48. Kd3
{[%clk 0:23:40]} Qxf2 {[%clk 0:38:11]} 49. b4 {[%clk 0:23:51]} g5
{[%clk 0:36:50]} 50. a4 {[%clk 0:21:09]} g4 {[%clk 0:35:12]} 51. b5
{[%clk 0:19:43]} g3 {[%clk 0:35:35]} 52. Kc4 {[%clk 0:16:26]} g2 {[%clk 0:35:44]}
53. Bxg2 Qxg2 54. Ra6 {[%clk 0:16:09]} h5 {[%clk 0:35:50]} 55. Kc5
{[%clk 0:16:29]} h4 {[%clk 0:36:00]} 0-1

[Event "escc2023_65"]
[Site "?"]
[Date "2023.06.03"]
[Round "9.20"]
[White "Erdogan, Hassan"]
[Black "Hilarius, Sander"]
[Result "1/2-1/2"]
[BlackElo "1899"]
[WhiteElo "1831"]
[LiveChessVersion "1.4.8"]

1. d4 {[%clk 1:30:57]} d5 {[%clk 1:30:54]} 2. Nf3 {[%clk 1:31:22]} c5
{[%clk 1:31:05]} 3. e3 {[%clk 1:31:27]} cxd4 {[%clk 1:31:20]} 4. exd4
{[%clk 1:31:50]} Nc6 {[%clk 1:31:29]} 5. c3 {[%clk 1:28:39]} Nf6 {[%clk 1:30:51]}
6. Bd3 {[%clk 1:28:33]} Bg4 {[%clk 1:30:30]} 7. Bf4 {[%clk 1:28:39]} e6
{[%clk 1:30:29]} 8. Nbd2 {[%clk 1:28:45]} Bd6 {[%clk 1:29:55]} 9. Bxd6
{[%clk 1:26:16]} Qxd6 {[%clk 1:30:22]} 10. Be2 {[%clk 1:25:02]} O-O
{[%clk 1:27:45]} 11. O-O {[%clk 1:25:30]} Rab8 {[%clk 1:27:27]} 12. Ne5
{[%clk 1:22:03]} Bxe2 {[%clk 1:26:35]} 13. Qxe2 {[%clk 1:22:21]} b5
{[%clk 1:24:59]} 14. b4 {[%clk 1:13:36]} Rfc8 {[%clk 1:11:39]} 15. a4
{[%clk 1:08:42]} Ne4 {[%clk 1:05:51]} 16. Nxe4 {[%clk 1:08:20]} dxe4
{[%clk 1:06:13]} 17. Qxe4 {[%clk 0:55:27]} bxa4 {[%clk 0:59:48]} 18. Nxc6
{[%clk 0:35:55]} Qxc6 {[%clk 0:57:55]} 19. Qxc6 {[%clk 0:35:58]} Rxc6
{[%clk 0:58:23]} 20. Rfc1 {[%clk 0:34:22]} a3 {[%clk 0:49:01]} 21. Kf1
{[%clk 0:23:16]} g5 {[%clk 0:49:24]} 22. Ke2 {[%clk 0:23:24]} Rb5
{[%clk 0:48:37]} 23. Kd2 {[%clk 0:22:41]} a5 {[%clk 0:46:15]} 24. bxa5
{[%clk 0:21:50]} Rxa5 {[%clk 0:46:34]} 25. Rc2 {[%clk 0:21:23]} e5
{[%clk 0:24:06]} 26. dxe5 {[%clk 0:21:24]} Re6 {[%clk 0:23:10]} 27. Rca2
{[%clk 0:21:16]} Raxe5 {[%clk 0:22:46]} 28. Kd3 {[%clk 0:20:42]} Rd6+
{[%clk 0:22:06]} 29. Kc4 {[%clk 0:20:50]} Ra6 {[%clk 0:20:41]} 30. Rxa3
{[%clk 0:20:02]} Rxa3 {[%clk 0:21:03]} 31. Rxa3 {[%clk 0:20:31]} Re2
{[%clk 0:21:17]} 32. Ra5 {[%clk 0:20:47]} f6 {[%clk 0:20:06]} 33. Rf5
{[%clk 0:18:43]} Kf7 {[%clk 0:20:28]} 34. Kd3 {[%clk 0:18:00]} Ra2
{[%clk 0:20:45]} 35. Ke3 {[%clk 0:17:57]} Rc2 {[%clk 0:19:38]} 36. Rc5
{[%clk 0:17:27]} h5 {[%clk 0:19:46]} 37. g3 {[%clk 0:14:55]} Kg6 {[%clk 0:19:04]}
38. h3 {[%clk 0:12:48]} Rc1 {[%clk 0:17:41]} 39. Kf3 {[%clk 0:10:28]} Rh1
{[%clk 0:15:51]} 40. Kg2 {[%clk 0:10:30]} Rc1 {[%clk 0:16:14]} 41. Rc8
{[%clk 0:10:40]} Kf5 {[%clk 0:15:32]} 42. c4 {[%clk 0:10:44]} Rc2
{[%clk 0:14:29]} 43. c5 {[%clk 0:11:00]} Ke6 {[%clk 0:12:02]} 44. c6
{[%clk 0:09:28]} Kd6 {[%clk 0:09:32]} 45. Rh8 {[%clk 0:06:25]} Rxc6
{[%clk 0:09:38]} 46. Rxh5 {[%clk 0:06:51]} Ke6 {[%clk 0:09:23]} 47. h4
{[%clk 0:06:07]} Kf7 {[%clk 0:07:55]} 48. hxg5 {[%clk 0:06:16]} Kg6
{[%clk 0:08:19]} 49. Rh8 {[%clk 0:04:19]} fxg5 {[%clk 0:08:16]} 50. Rg8+
{[%clk 0:04:23]} Kf5 {[%clk 0:08:18]} 51. Rf8+ {[%clk 0:04:31]} Kg6
{[%clk 0:08:42]} 52. Kh3 {[%clk 0:04:47]} Rc4 {[%clk 0:08:24]} 53. f4
{[%clk 0:04:44]} gxf4 {[%clk 0:08:36]} 54. gxf4 {[%clk 0:05:01]} Kg7
{[%clk 0:08:48]} 55. Rf5 {[%clk 0:05:29]} Kg6 {[%clk 0:09:06]} 56. Kg4
{[%clk 0:05:55]} Rc1 {[%clk 0:09:17]} 57. Ra5 {[%clk 0:06:20]} Rg1+
{[%clk 0:09:18]} 58. Kf3 {[%clk 0:06:49]} Rb1 59. Re5 Kf6 {[%clk 0:08:35]}
1/2-1/2

[Event "escc2023_65"]
[Site "?"]
[Date "2023.06.03"]
[Round "9.21"]
[White "Colombo, Alberto"]
[Black "Segal, Yosef"]
[Result "1/2-1/2"]
[BlackElo "1834"]
[WhiteElo "1968"]
[LiveChessVersion "1.4.8"]

1. d4 {[%clk 1:30:53]} e6 {[%clk 1:30:29]} 2. e4 {[%clk 1:31:12]} d5
{[%clk 1:30:48]} 3. e5 {[%clk 1:31:31]} c5 {[%clk 1:31:06]} 4. c3
{[%clk 1:31:52]} Nc6 {[%clk 1:29:43]} 5. Nf3 {[%clk 1:32:10]} g6 {[%clk 1:29:44]}
6. Be2 {[%clk 1:29:34]} Qb6 {[%clk 1:29:03]} 7. O-O {[%clk 1:26:46]} Bg7
{[%clk 1:28:44]} 8. Na3 {[%clk 1:24:48]} a6 {[%clk 1:28:29]} 9. Nc2
{[%clk 1:23:03]} cxd4 {[%clk 1:27:51]} 10. cxd4 {[%clk 1:22:56]} Nge7
{[%clk 1:28:00]} 11. b3 {[%clk 1:22:04]} O-O {[%clk 1:28:04]} 12. Ba3
{[%clk 1:19:35]} Re8 {[%clk 1:27:11]} 13. Ne3 {[%clk 1:12:44]} f6
{[%clk 1:19:40]} 14. Bc5 {[%clk 1:11:07]} Qd8 {[%clk 1:19:18]} 15. exf6
{[%clk 1:11:09]} Bxf6 {[%clk 1:18:43]} 16. Ng4 {[%clk 1:10:35]} Bg7
{[%clk 1:18:10]} 17. Nge5 {[%clk 1:08:52]} Nf5 {[%clk 1:17:49]} 18. Nxc6
{[%clk 1:06:42]} bxc6 {[%clk 1:17:05]} 19. g4 {[%clk 0:57:37]} Nd6
{[%clk 1:14:16]} 20. Bd3 {[%clk 0:54:45]} Nb7 {[%clk 1:08:18]} 21. Rc1
{[%clk 0:50:27]} Nxc5 {[%clk 1:05:33]} 22. Rxc5 {[%clk 0:50:31]} Qd6
{[%clk 1:05:17]} 23. Qc1 {[%clk 0:47:31]} Bb7 {[%clk 1:03:58]} 24. Re1
{[%clk 0:46:47]} e5 {[%clk 1:03:12]} 25. dxe5 {[%clk 0:45:42]} Bxe5
{[%clk 1:03:24]} 26. Rxe5 {[%clk 0:44:32]} Rxe5 {[%clk 1:03:48]} 27. Nxe5
{[%clk 0:44:25]} Qxe5 {[%clk 1:04:06]} 28. Rc2 {[%clk 0:38:35]} Qd4
{[%clk 1:02:17]} 29. Be2 {[%clk 0:38:26]} Re8 {[%clk 1:01:29]} 30. Qd2
{[%clk 0:37:28]} Qe5 {[%clk 1:00:45]} 31. Bf3 {[%clk 0:36:59]} Qe1+
{[%clk 0:59:20]} 32. Qxe1 {[%clk 0:36:55]} Rxe1+ {[%clk 0:59:48]} 33. Kg2
{[%clk 0:37:00]} Re6 {[%clk 0:58:58]} 34. Rd2 {[%clk 0:32:48]} Kf8
{[%clk 0:58:56]} 35. b4 {[%clk 0:32:43]} Ke7 {[%clk 0:58:46]} 36. Re2
{[%clk 0:28:31]} Rxe2 37. Bxe2 Kd6 {[%clk 0:58:19]} 38. Bd3 {[%clk 0:27:58]} c5
{[%clk 0:57:47]} 39. bxc5+ {[%clk 0:27:50]} Kxc5 {[%clk 0:57:55]} 40. Kg3
{[%clk 0:26:52]} Kd4 {[%clk 0:57:41]} 41. Bc2 {[%clk 0:25:14]} Kc3
{[%clk 0:56:09]} 42. Bb3 {[%clk 0:24:59]} d4 43. Kf4 d3 {[%clk 0:52:35]} 44. Ke3
{[%clk 0:21:36]} d2 {[%clk 0:51:42]} 45. f4 {[%clk 0:17:32]} Bd5 {[%clk 0:51:25]}
46. Bd1 {[%clk 0:17:39]} Bxa2 {[%clk 0:51:50]} 47. f5 {[%clk 0:17:59]} gxf5
{[%clk 0:47:37]} 48. gxf5 {[%clk 0:17:51]} Bf7 {[%clk 0:47:45]} 49. f6
{[%clk 0:16:55]} a5 {[%clk 0:47:05]} 50. h4 {[%clk 0:14:46]} h5 {[%clk 0:46:50]}
51. Ba4 {[%clk 0:14:13]} Be6 {[%clk 0:46:25]} 52. Bd1 {[%clk 0:13:43]} 1/2-1/2

[Event "escc2023_65"]
[Site "?"]
[Date "2023.06.03"]
[Round "9.22"]
[White "Maiffret, Patrick"]
[Black "Myall, Ivan J"]
[Result "1-0"]
[BlackElo "1924"]
[WhiteElo "1761"]
[LiveChessVersion "1.4.8"]

1. c4 {[%clk 1:30:30]} b6 {[%clk 1:30:49]} 2. Nf3 {[%clk 1:31:02]} Bb7
{[%clk 1:31:11]} 3. g3 {[%clk 1:31:16]} e6 {[%clk 1:31:35]} 4. Bg2
{[%clk 1:31:40]} Nf6 {[%clk 1:31:54]} 5. O-O {[%clk 1:31:59]} d5 {[%clk 1:32:11]}
6. cxd5 {[%clk 1:31:38]} exd5 {[%clk 1:32:33]} 7. d4 {[%clk 1:32:01]} Bd6
{[%clk 1:32:05]} 8. Nc3 {[%clk 1:32:20]} a6 {[%clk 1:32:19]} 9. Bf4
{[%clk 1:24:51]} Bxf4 {[%clk 1:32:11]} 10. gxf4 {[%clk 1:25:20]} Qd6
{[%clk 1:17:48]} 11. e3 {[%clk 1:22:37]} Nbd7 {[%clk 1:11:35]} 12. Rc1
{[%clk 1:21:26]} h6 {[%clk 1:11:30]} 13. Ne5 {[%clk 1:20:45]} g5 {[%clk 1:09:52]}
14. Re1 {[%clk 1:15:06]} Kf8 {[%clk 1:05:44]} 15. Qd3 {[%clk 1:07:27]} Kg7
{[%clk 0:54:10]} 16. fxg5 {[%clk 0:59:32]} hxg5 {[%clk 0:54:34]} 17. Qf5
{[%clk 0:59:48]} Rag8 {[%clk 0:53:30]} 18. Re2 {[%clk 0:51:11]} Kf8
{[%clk 0:49:33]} 19. Nxd5 {[%clk 0:45:12]} Bxd5 {[%clk 0:45:03]} 20. Bxd5
{[%clk 0:44:55]} Nxe5 {[%clk 0:34:28]} 21. dxe5 {[%clk 0:44:52]} Qxd5
{[%clk 0:34:48]} 22. Qxf6 {[%clk 0:45:08]} Rh4 {[%clk 0:27:50]} 23. f3
{[%clk 0:39:25]} Rg6 {[%clk 0:27:46]} 24. Qf5 {[%clk 0:37:58]} g4
{[%clk 0:27:17]} 25. Rg2 {[%clk 0:34:00]} Qd8 {[%clk 0:18:23]} 26. fxg4
{[%clk 0:31:41]} Rg5 {[%clk 0:16:45]} 27. Qf6 {[%clk 0:31:22]} Qxf6
{[%clk 0:16:25]} 28. exf6 {[%clk 0:31:51]} Rhxg4 {[%clk 0:16:20]} 29. Rxg4
{[%clk 0:32:01]} Rxg4+ {[%clk 0:16:45]} 30. Kf2 {[%clk 0:32:25]} c5
{[%clk 0:16:51]} 31. Rd1 {[%clk 0:32:40]} Ke8 {[%clk 0:17:04]} 32. Rd6
{[%clk 0:32:47]} Rb4 {[%clk 0:17:23]} 33. b3 {[%clk 0:33:00]} a5 {[%clk 0:17:15]}
34. Kf3 {[%clk 0:32:49]} b5 {[%clk 0:17:32]} 35. e4 {[%clk 0:32:20]} a4
{[%clk 0:17:51]} 36. bxa4 {[%clk 0:31:29]} Rxa4 {[%clk 0:18:16]} 37. Rb6
{[%clk 0:30:54]} b4 {[%clk 0:17:49]} 38. e5 {[%clk 0:23:40]} c4 {[%clk 0:17:19]}
39. Rb8+ {[%clk 0:23:43]} Kd7 {[%clk 0:17:12]} 40. Rb7+ {[%clk 0:24:04]} Ke8
{[%clk 0:17:16]} 41. Re7+ {[%clk 0:24:15]} Kd8 {[%clk 0:17:02]} 42. Rxf7
{[%clk 0:24:31]} c3 {[%clk 0:17:25]} 43. Rb7 {[%clk 0:23:44]} Kc8
{[%clk 0:17:17]} 44. f7 {[%clk 0:23:54]} Kxb7 {[%clk 0:17:43]} 45. f8=Q
{[%clk 0:24:22]} c2 {[%clk 0:17:33]} 46. Qc5 {[%clk 0:21:57]} Rxa2
{[%clk 0:17:45]} 47. Qxb4+ {[%clk 0:22:18]} Ka7 {[%clk 0:17:22]} 48. Qc5+
{[%clk 0:22:14]} Ka8 {[%clk 0:17:30]} 49. e6 {[%clk 0:22:03]} 1-0

[Event "escc2023_65"]
[Site "?"]
[Date "2023.06.03"]
[Round "9.24"]
[White "Broeder, Hans-Gert"]
[Black "Blasco, Domenico"]
[Result "1/2-1/2"]
[BlackElo "1857"]
[WhiteElo "1728"]
[LiveChessVersion "1.4.8"]

1. e4 {[%clk 1:30:57]} g6 {[%clk 1:30:42]} 2. d4 {[%clk 1:31:09]} Bg7
{[%clk 1:31:02]} 3. Nc3 {[%clk 1:31:02]} d6 {[%clk 1:31:22]} 4. Be3
{[%clk 1:30:34]} Nf6 {[%clk 1:31:39]} 5. Qd2 {[%clk 1:30:06]} O-O
{[%clk 1:26:16]} 6. Bh6 {[%clk 1:29:23]} e5 {[%clk 1:21:51]} 7. d5
{[%clk 1:26:27]} c6 {[%clk 1:17:27]} 8. Bxg7 {[%clk 1:23:29]} Kxg7
{[%clk 1:17:46]} 9. dxc6 {[%clk 1:23:53]} Nxc6 {[%clk 1:18:00]} 10. O-O-O
{[%clk 1:24:05]} Qa5 {[%clk 1:16:38]} 11. Qxd6 {[%clk 1:17:18]} Be6
{[%clk 1:16:39]} 12. Qa3 {[%clk 1:15:19]} Qxa3 {[%clk 1:14:50]} 13. bxa3
{[%clk 1:15:46]} Rac8 {[%clk 1:11:40]} 14. Bd3 {[%clk 1:07:38]} Nd4
{[%clk 1:01:18]} 15. Kd2 {[%clk 1:06:29]} Rc7 {[%clk 0:48:37]} 16. a4
{[%clk 0:55:41]} a6 {[%clk 0:48:11]} 17. a3 {[%clk 0:54:17]} Rfc8
{[%clk 0:44:38]} 18. Nge2 {[%clk 0:52:40]} Nxe2 {[%clk 0:35:28]} 19. Nxe2 Ng4
{[%clk 0:33:22]} 20. Rdf1 {[%clk 0:50:39]} Bc4 {[%clk 0:32:11]} 21. Nc1
{[%clk 0:40:14]} Bxd3 {[%clk 0:31:26]} 22. Kxd3 {[%clk 0:38:26]} Rd8+
{[%clk 0:24:30]} 23. Ke2 {[%clk 0:38:27]} Rxc2+ {[%clk 0:23:30]} 24. Kf3
{[%clk 0:38:46]} h5 {[%clk 0:22:36]} 25. h3 {[%clk 0:37:05]} Nf6 {[%clk 0:21:37]}
26. Re1 {[%clk 0:36:46]} Rdd2 {[%clk 0:17:00]} 27. Rhf1 {[%clk 0:33:09]} Rc3+
{[%clk 0:15:40]} 28. Re3 {[%clk 0:33:08]} Rdc2 {[%clk 0:15:18]} 29. Nd3
{[%clk 0:29:39]} Rxa3 {[%clk 0:13:23]} 30. Rb1 {[%clk 0:28:56]} Rcc3
{[%clk 0:12:30]} 31. Nxe5 {[%clk 0:28:29]} Rxe3+ {[%clk 0:12:44]} 32. fxe3
{[%clk 0:28:57]} Rxa4 {[%clk 0:09:36]} 33. Rxb7 {[%clk 0:28:33]} Nxe4
{[%clk 0:08:42]} 34. Rxf7+ {[%clk 0:24:32]} Kg8 {[%clk 0:08:47]} 35. Rf4
{[%clk 0:15:44]} Ng5+ {[%clk 0:07:12]} 36. Ke2 {[%clk 0:10:26]} Ra2+
{[%clk 0:06:23]} 37. Kd3 {[%clk 0:09:51]} Rxg2 {[%clk 0:05:25]} 38. h4
{[%clk 0:05:17]} Ne6 {[%clk 0:05:04]} 39. Rf6 {[%clk 0:03:07]} Nf8
{[%clk 0:03:27]} 40. Rxa6 {[%clk 0:03:12]} g5 {[%clk 0:03:11]} 41. Rh6
{[%clk 0:29:09]} gxh4 {[%clk 0:33:29]} 42. Rxh5 {[%clk 0:29:32]} Kg7
{[%clk 0:30:57]} 43. Rxh4 {[%clk 0:29:10]} Kf6 {[%clk 0:30:34]} 44. Rf4+
{[%clk 0:26:04]} Kxe5 {[%clk 0:30:13]} 45. Rxf8 {[%clk 0:26:27]} Ra2
{[%clk 0:24:47]} 46. Re8+ {[%clk 0:26:15]} Kd5 {[%clk 0:24:48]} 47. e4+
{[%clk 0:26:10]} Kd6 {[%clk 0:25:05]} 48. Ke3 {[%clk 0:26:16]} Ra1
{[%clk 0:24:56]} 49. Rd8+ {[%clk 0:24:48]} Ke5 {[%clk 0:24:45]} 50. Re8+
{[%clk 0:23:59]} Kd6 {[%clk 0:24:35]} 51. Rd8+ {[%clk 0:23:00]} Ke5
{[%clk 0:24:47]} 52. Rd5+ {[%clk 0:23:07]} Ke6 {[%clk 0:24:57]} 53. Rd2
{[%clk 0:23:15]} Re1+ {[%clk 0:25:00]} 54. Kd4 {[%clk 0:22:49]} Ra1
{[%clk 0:25:04]} 55. Rc2 {[%clk 0:22:09]} Rd1+ {[%clk 0:24:29]} 56. Ke3
{[%clk 0:22:22]} Re1+ {[%clk 0:24:40]} 57. Kf3 {[%clk 0:22:37]} Rf1+
{[%clk 0:24:53]} 58. Rf2 {[%clk 0:21:52]} Rxf2+ {[%clk 0:25:04]} 59. Kxf2
{[%clk 0:22:21]} Ke5 {[%clk 0:25:22]} 60. Ke3 {[%clk 0:22:48]} Ke6
{[%clk 0:25:34]} 61. Kf4 {[%clk 0:22:26]} Kf6 {[%clk 0:25:54]} 62. e5+
{[%clk 0:22:46]} Ke6 {[%clk 0:26:17]} 63. Ke4 {[%clk 0:22:59]} Ke7
{[%clk 0:26:37]} 64. Kf4 {[%clk 0:23:18]} Ke6 {[%clk 0:26:57]} 65. Ke4
{[%clk 0:23:37]} Ke7 {[%clk 0:27:18]} 66. Kf5 {[%clk 0:23:54]} Kf7
{[%clk 0:27:38]} 67. e6+ {[%clk 0:23:55]} Ke7 {[%clk 0:27:59]} 68. Ke5
{[%clk 0:24:18]} Ke8 {[%clk 0:28:12]} 69. Kd5 {[%clk 0:24:34]} Ke7
{[%clk 0:28:33]} 70. Ke5 {[%clk 0:24:39]} Ke8 {[%clk 0:28:54]} 71. Kf6
{[%clk 0:24:48]} Kf8 {[%clk 0:29:15]} 72. e7+ {[%clk 0:24:53]} Ke8
{[%clk 0:29:38]} 73. Ke6 {[%clk 0:25:05]} 1/2-1/2